[Event "OLNN 1819 SK Johanneum Eppendorf - Pree"]
[Site "?"]
[Date "2019.03.24"]
[Round "8.1"]
[White "Hansen, Mads"]
[Black "Wessman, Richard"]
[Result "0-1"]
[WhiteElo "2413"]
[BlackElo "2414"]
[PlyCount "130"]
[EventDate "2019.??.??"]

1. e4 e6 2. d4 d5 3. Nc3 dxe4 4. Nxe4 Bd7 5. Nf3 Bc6 6. Bd3 Bxe4 7. Bxe4 c6 8.
c3 Nf6 9. Bc2 Bd6 10. O-O Qc7 11. Re1 Nbd7 12. Qe2 Bf4 13. Bxf4 Qxf4 14. Ne5
O-O 15. g3 Qh6 16. a4 Rad8 17. Rad1 Qh5 18. Qxh5 Nxh5 19. a5 a6 20. f4 Nhf6 21.
Nc4 g6 22. Rd2 Kg7 23. Bd1 h5 24. Bf3 Ne8 25. Kg2 Ndf6 26. Ne5 Nd6 27. Rde2 Nd7
28. Nd3 Rh8 29. Ra1 Rc8 30. Kf2 Rhd8 31. Ra4 Rc7 32. Rb4 Kf6 33. Ne5 Ke7 34. d5
cxd5 35. Bxd5 Nxe5 36. Rxe5 Kf6 37. Bb3 Nf5 38. Re2 Rd6 39. Bc2 Rdd7 40. Bxf5
gxf5 41. Ke3 Rd5 42. Ra4 h4 43. Rd4 Rxa5 44. gxh4 Rc8 45. c4 Rh8 46. Rd7 Ra4
47. Kd3 Rb4 48. Kc3 Rb6 49. Rc7 Rxh4 50. Rd2 Rh3+ 51. Kc2 Rh4 52. c5 Rb5 53.
Rf2 Rb4 54. Kb1 a5 55. Ka2 Rh3 56. Rd2 Rxf4 57. Rxb7 Ra4+ 58. Kb1 Rc4 59. Rc7
a4 60. Rc8 Rb3 61. Rc2 Rbb4 62. c6 f4 63. c7 Rxc2 64. Kxc2 f3 65. Kc3 Rb7 0-1

[Event "OLNN 1819 SK Johanneum Eppendorf - Pree"]
[Site "?"]
[Date "2019.03.24"]
[Round "8.2"]
[White "Zart, Ruediger"]
[Black "Pedersen, Steffen"]
[Result "1/2-1/2"]
[WhiteElo "2139"]
[BlackElo "2323"]
[PlyCount "48"]
[EventDate "2019.??.??"]

1. e4 e5 2. Nf3 Nc6 3. Bb5 a6 4. Ba4 Nf6 5. O-O Be7 6. Re1 b5 7. Bb3 d6 8. c3
O-O 9. h3 Bb7 10. d4 exd4 11. cxd4 Nd7 12. Nbd2 Bf6 13. Nf1 Na5 14. Bc2 Re8 15.
Rb1 c5 16. d5 Nc4 17. Ne3 Nce5 18. Nh2 c4 19. f4 Nd3 20. Bxd3 cxd3 21. Nf5 Nc5
22. Ng4 Bc8 23. Nxf6+ Qxf6 24. Ng3 b4 1/2-1/2

[Event "OLNN 1819 SK Johanneum Eppendorf - Pree"]
[Site "?"]
[Date "2019.03.24"]
[Round "8.3"]
[White "Dyrgaard, Kristoffer"]
[Black "Schroeder, Christoph"]
[Result "1/2-1/2"]
[WhiteElo "2309"]
[BlackElo "2131"]
[PlyCount "90"]
[EventDate "2019.??.??"]

1. e4 e6 2. Nf3 d5 3. Nc3 dxe4 4. Nxe4 Nd7 5. d4 Ngf6 6. Bd3 c5 7. O-O Be7 8.
c3 O-O 9. Qc2 Nxe4 10. Bxe4 Nf6 11. Bd3 Qc7 12. dxc5 Qxc5 13. Ng5 h6 14. Nh7
Nxh7 15. Bxh7+ Kh8 16. Be3 Qh5 17. Be4 f5 18. Bf3 Qf7 19. Bd4 Bf6 20. Rfe1 Qc7
21. Qe2 Bxd4 22. cxd4 Bd7 23. Qe5 Rac8 24. b3 Rfe8 25. h3 b6 26. Re2 Qxe5 27.
Rxe5 Rc2 28. Rae1 Rec8 29. a4 Rc1 30. d5 exd5 31. Bxd5 Rxe1+ 32. Rxe1 Re8 33.
Rd1 Be6 34. Bxe6 Rxe6 35. Rd7 Re1+ 36. Kh2 Rb1 37. Rxa7 Rxb3 38. a5 bxa5 39.
Rxa5 g6 40. Ra7 Kg8 41. h4 h5 42. f3 Kf8 43. Kg3 Rb4 44. Ra8+ Kf7 45. Ra7+ Kf6
1/2-1/2

[Event "OLNN 1819 SK Johanneum Eppendorf - Pree"]
[Site "?"]
[Date "2019.03.24"]
[Round "8.4"]
[White "Behrhorst, Frank"]
[Black "Schwarz, Frank"]
[Result "1/2-1/2"]
[WhiteElo "2240"]
[BlackElo "2213"]
[PlyCount "83"]
[EventDate "2019.??.??"]

1. d4 d5 2. Nf3 c6 3. c4 dxc4 4. a4 Nf6 5. Nc3 Bf5 6. e3 e6 7. Bxc4 Nbd7 8. O-O
Bd6 9. Qe2 Ne4 10. Bd3 Nxc3 11. bxc3 Bxd3 12. Qxd3 O-O 13. e4 e5 14. Be3 Qc7
15. dxe5 Bxe5 16. Nxe5 Nxe5 17. Qe2 Qe7 18. f4 Nd7 19. e5 Rfe8 20. Rab1 b6 21.
Rfd1 Nc5 22. Rd6 Nxa4 23. Rxc6 Rac8 24. Qc4 Qd7 25. Rxc8 Rxc8 26. Qd4 Qc6 27.
c4 g6 28. Rc1 Nc5 29. Qd5 Qc7 30. Bxc5 Qxc5+ 31. Qxc5 Rxc5 32. g3 Kf8 33. Ra1
Ra5 34. Rd1 Ke7 35. Kf2 Ra3 36. Rc1 Kd7 37. g4 Ke6 38. c5 bxc5 39. Rxc5 Ra2+
40. Kf3 Ra3+ 41. Ke4 Ra4+ 42. Ke3 1/2-1/2

[Event "OLNN 1819 SK Johanneum Eppendorf - Pree"]
[Site "?"]
[Date "2019.03.24"]
[Round "8.5"]
[White "Reinecker, Kai"]
[Black "von Gleich, Alexander"]
[Result "1/2-1/2"]
[WhiteElo "2271"]
[BlackElo "2333"]
[PlyCount "81"]
[EventDate "2019.??.??"]

1. e4 c5 2. c3 d5 3. exd5 Qxd5 4. d4 Nf6 5. Nf3 e6 6. Be2 cxd4 7. cxd4 Be7 8.
Nc3 Qd6 9. O-O O-O 10. Qb3 Nc6 11. a3 b6 12. Nb5 Qd8 13. Bf4 Nd5 14. Bg3 Bb7
15. Rac1 a6 16. Nc3 Na5 17. Qd1 Rc8 18. Nxd5 Qxd5 19. Bc7 Bd6 20. Bxb6 Bxh2+
21. Kxh2 Qd6+ 22. Kg1 Qxb6 23. b4 Rxc1 24. Qxc1 Nb3 25. Qe3 Bxf3 26. Bxf3 Nxd4
27. Rd1 Rd8 28. g3 e5 29. Kg2 Qd6 30. Rc1 f5 31. Rc5 e4 32. Bd1 h6 33. Bb3+ Kh7
34. Rd5 Qf6 35. Rxd8 Qxd8 36. Bc4 Nf3 37. Bxa6 Qd1 38. Bf1 Ne1+ 39. Kg1 Nf3+
40. Kg2 Ne1+ 41. Kg1 1/2-1/2

[Event "OLNN 1819 SK Johanneum Eppendorf - Pree"]
[Site "?"]
[Date "2019.03.24"]
[Round "8.6"]
[White "Keyser, Robin"]
[Black "Light, Bjarne"]
[Result "1-0"]
[WhiteElo "1991"]
[BlackElo "2204"]
[PlyCount "117"]
[EventDate "2019.??.??"]

1. d4 e6 2. c4 f5 3. Nf3 Nf6 4. g3 Be7 5. Bg2 O-O 6. O-O d6 7. Nc3 Ne4 8. Qc2
Nxc3 9. Qxc3 Bf6 10. Qc2 e5 11. dxe5 dxe5 12. e4 f4 13. gxf4 exf4 14. Bxf4 Bxb2
15. Qxb2 Rxf4 16. Qe5 Qf8 17. Nd4 Rf7 18. Rad1 Nd7 19. Qg5 h6 20. Qg3 Nf6 21.
e5 Nh5 22. Qe3 Nf4 23. e6 Re7 24. Nf5 Nxg2 25. Nxe7+ Qxe7 26. Kxg2 Bxe6 27.
Rfe1 Re8 28. Rd4 Qg5+ 29. Qxg5 hxg5 30. Rde4 Kf7 31. Kg3 b6 32. a3 c5 33. R1e3
g6 34. Kf3 Bd7 35. Rxe8 Bxe8 36. Kg4 Bd7+ 37. Kxg5 Be6 38. Re4 Bf5 39. Rh4 Kg7
40. Kf4 Bd3 41. Ke5 Bf1 42. Kd5 Be2 43. Rh3 Bf1 44. Re3 Kf7 45. a4 Bg2+ 46. Kd6
Kf6 47. a5 Bf1 48. axb6 axb6 49. Kc6 Bxc4 50. Kxb6 Bf1 51. Kxc5 Kf5 52. Kd4 Bg2
53. Rg3 Bc6 54. h4 Ba4 55. Ke3 Bd1 56. Rg5+ Kf6 57. Kf4 Be2 58. Rc5 Bd3 59.
Rc6+ 1-0

[Event "OLNN 1819 SK Johanneum Eppendorf - Pree"]
[Site "?"]
[Date "2019.03.24"]
[Round "8.7"]
[White "Willsch, Matthias"]
[Black "Schueler, Hendrik"]
[Result "1/2-1/2"]
[WhiteElo "2196"]
[BlackElo "2098"]
[PlyCount "49"]
[EventDate "2019.??.??"]

1. d4 d5 2. Nf3 Nf6 3. c4 dxc4 4. e3 e6 5. Bxc4 c5 6. O-O a6 7. a4 Nc6 8. Nc3
Qc7 9. Qe2 Bd6 10. dxc5 Bxc5 11. Bd2 Bd7 12. Rfc1 O-O 13. Bd3 Bd6 14. h3 Qb8
15. a5 Ne5 16. Nxe5 Bxe5 17. f4 Bd6 18. Ne4 Nxe4 19. Bxe4 f5 20. Bf3 Bb5 21.
Qd1 Qa7 22. Kh1 Rad8 23. Qb3 Rfe8 24. Qc3 Qb8 25. Be1 1/2-1/2

[Event "OLNN 1819 SK Johanneum Eppendorf - Pree"]
[Site "?"]
[Date "2019.03.24"]
[Round "8.8"]
[White "Johannsen, Dennis"]
[Black "Schuette, Andreas"]
[Result "0-1"]
[WhiteElo "2133"]
[BlackElo "2177"]
[PlyCount "138"]
[EventDate "2019.??.??"]

1. c4 e6 2. Nf3 d5 3. d4 c5 4. cxd5 exd5 5. Nc3 Nc6 6. dxc5 d4 7. Ne4 Qd5 8.
Nd6+ Bxd6 9. cxd6 Qxd6 10. e3 Qb4+ 11. Bd2 Qxb2 12. Rb1 Qxa2 13. Nxd4 Nge7 14.
Bc3 Nxd4 15. Rb2 Qd5 16. Bxd4 Qa5+ 17. Qd2 Qxd2+ 18. Rxd2 f6 19. Bb5+ Kf7 20.
Ke2 Be6 21. Ra1 a6 22. Bd3 Rhd8 23. Bb6 Rd7 24. e4 Rc8 25. Rb1 Ng6 26. Ke3 Ne5
27. f4 Rxd3+ 28. Rxd3 Nxd3 29. Kxd3 Bc4+ 30. Kd4 Bb5 31. Rb2 Rc4+ 32. Kd5 Ra4
33. e5 Bc6+ 34. Kd6 Rxf4 35. e6+ Ke8 36. Bc5 Rc4 37. Ba3 Rd4+ 38. Kc7 Re4 39.
e7 Rxe7+ 40. Bxe7 Kxe7 41. Re2+ Kf7 42. Kd6 a5 43. Kc5 a4 44. Rd2 Ke6 45. Re2+
Kf5 46. Kd4 h5 47. Rf2+ Ke6 48. Kc5 Ke5 49. Re2+ Kf4 50. Kd4 h4 51. Rc2 f5 52.
Rf2+ Kg4 53. Ke5 g5 54. Rxf5 Bxg2 55. Kf6 Bc6 56. Rxg5+ Kh3 57. Rh5 a3 58. Ra5
Kxh2 59. Rxa3 h3 60. Kf5 Kg2 61. Kf4 h2 62. Ra2+ Kh3 63. Ra3+ Kh4 64. Ra8 Bf3
65. Kxf3 h1=Q+ 66. Ke3 Qd5 67. Ra4+ Kg3 68. Rd4 Qc5 69. Kd3 b5 0-1

[Event "OLNN 1819 FC St. Pauli II - SK Marmstor"]
[Site "?"]
[Date "2019.03.24"]
[Round "8.1"]
[White "Hebbinghaus, Holger"]
[Black "Trisic, Aleksandar"]
[Result "1/2-1/2"]
[WhiteElo "2307"]
[BlackElo "2307"]
[PlyCount "28"]
[EventDate "2019.??.??"]

1. e4 c5 2. Be2 Nc6 3. f4 Nf6 4. d3 d6 5. Nf3 g6 6. O-O Bg7 7. Qe1 O-O 8. Qh4
Bg4 9. Kh1 c4 10. Nc3 cxd3 11. cxd3 Qa5 12. Be3 Rfc8 13. h3 Bxf3 14. Bxf3 Qd8
1/2-1/2

[Event "OLNN 1819 FC St. Pauli II - SK Marmstor"]
[Site "?"]
[Date "2019.03.24"]
[Round "8.2"]
[White "Pajeken, Wolfgang"]
[Black "Hawellek, Jeronimo"]
[Result "1/2-1/2"]
[WhiteElo "2262"]
[BlackElo "2272"]
[PlyCount "152"]
[EventDate "2019.??.??"]

1. d4 f5 2. Nc3 Nf6 3. Bg5 d5 4. Bxf6 exf6 5. e3 c6 6. Bd3 Na6 7. Qf3 g6 8.
O-O-O Nc7 9. h3 Ne6 10. g4 Ng5 11. Qg2 Be6 12. gxf5 gxf5 13. Nge2 Qd7 14. Nf4
O-O-O 15. Nxe6 Qxe6 16. h4 Ne4 17. Qh3 Re8 18. Ne2 Nxf2 19. Bxf5 Nxh3 20. Bxe6+
Rxe6 21. Rxh3 Bh6 22. Rd3 Rg8 23. Kd2 Rg2 24. b3 Kd7 25. c4 Re4 26. cxd5 cxd5
27. Ke1 Ke6 28. Rc3 f5 29. Kf1 Rg7 30. Kf2 f4 31. exf4 Bxf4 32. Rhf3 Bd6 33.
Rce3 Rgg4 34. Nc3 Rxe3 35. Rxe3+ Kd7 36. Nxd5 Rxh4 37. Nf6+ Kc6 38. d5+ Kb5 39.
Re6 Bc5+ 40. Kf3 Rd4 41. Re5 h6 42. Ne4 b6 43. Re6 h5 44. Kf4 Rd3 45. Ke5 Bd4+
46. Kd6 Bg7 47. Rg6 Bf8+ 48. Kc7 Re3 49. Re6 Kb4 50. Kb7 Re2 51. Kxa7 Rxa2+ 52.
Kxb6 Kxb3 53. Re8 Bb4 54. d6 Bxd6 55. Nxd6 Kc3 56. Re3+ Kd4 57. Rh3 Rb2+ 58.
Nb5+ Kd5 59. Rxh5+ Ke4 60. Kc5 Rc2+ 61. Kd6 Rg2 62. Rh4+ Kd3 63. Nc7 Rg8 64.
Ne6 Ra8 65. Kd5 Ra5+ 66. Nc5+ Ke3 67. Rc4 Ra8 68. Rc3+ Kf4 69. Ne6+ Kg4 70. Ke5
Ra5+ 71. Nc5 Rb5 72. Rc1 Kf3 73. Kd4 Rb8 74. Rf1+ Ke2 75. Rf6 Rd8+ 76. Ke4 Kd2
1/2-1/2

[Event "OLNN 1819 FC St. Pauli II - SK Marmstor"]
[Site "?"]
[Date "2019.03.24"]
[Round "8.3"]
[White "Ramme, Christoph"]
[Black "Priebe, Jan"]
[Result "1/2-1/2"]
[WhiteElo "2152"]
[BlackElo "2206"]
[PlyCount "137"]
[EventDate "2019.??.??"]

1. d4 Nf6 2. c4 g6 3. Nc3 Bg7 4. e4 d6 5. Be2 O-O 6. Nf3 e5 7. O-O Nbd7 8. Re1
c6 9. Bf1 Re8 10. d5 c5 11. g3 Rf8 12. Bg5 h6 13. Bd2 Ne8 14. Nh4 Ndf6 15. a3
Kh7 16. Qc2 Ng8 17. Bd3 Ne7 18. f3 Kg8 19. Qc1 Kh7 20. Qc2 Kg8 21. Qc1 Kh7 22.
Rf1 f5 23. exf5 Nxf5 24. Nxf5 Bxf5 25. Qc2 Qd7 26. g4 Bxd3 27. Qxd3 Nf6 28.
Rae1 a6 29. h3 b5 30. cxb5 axb5 31. Qxb5 Qxb5 32. Nxb5 Ra6 33. Nc3 Rb8 34. Bc1
Nd7 35. Re2 Rb3 36. Kg2 Bf6 37. Rd1 Kg7 38. Ne4 Rab6 39. Rc2 Bh4 40. Rc3 R3b5
41. b4 cxb4 42. Rc7 Rb7 43. Rxb7 Rxb7 44. Nxd6 Rb8 45. axb4 Rxb4 46. Ne4 h5 47.
Be3 Nf6 48. Nxf6 Kxf6 49. Rd2 Ra4 50. Rc2 Ke7 51. Bf2 Bxf2 52. Kxf2 Rd4 53.
Rc7+ Kf6 54. Rc6+ Kf7 55. Rd6 hxg4 56. hxg4 e4 57. f4 Rd3 58. Rd7+ Kf6 59. Ke2
Rf3 60. g5+ Kf5 61. Rf7+ Kg4 62. d6 Rd3 63. Rf6 Kh5 64. Re6 Kg4 65. Rxe4 Rxd6
66. Ke3 Ra6 67. Rc4 Re6+ 68. Re4 Ra6 69. Rc4 1/2-1/2

[Event "OLNN 1819 FC St. Pauli II - SK Marmstor"]
[Site "?"]
[Date "2019.03.24"]
[Round "8.4"]
[White "Breyther, Ruediger"]
[Black "Mueller, Jan-Hendrik"]
[Result "1/2-1/2"]
[WhiteElo "2241"]
[BlackElo "2134"]
[PlyCount "100"]
[EventDate "2019.??.??"]

1. e4 e6 2. d4 d5 3. Nd2 c5 4. exd5 Qxd5 5. Ngf3 cxd4 6. Bc4 Qd6 7. O-O Nf6 8.
Nb3 Nc6 9. Nbxd4 Nxd4 10. Nxd4 a6 11. Re1 Qc7 12. Bf1 Bd6 13. Nf5 Bxh2+ 14. Kh1
O-O 15. Nxg7 Rd8 16. Bd3 Kxg7 17. Qd2 Bf4 18. Qxf4 Qxf4 19. Bxf4 Nd5 20. Bd2 b5
21. Re4 f5 22. Re5 Kf6 23. Rae1 Rd6 24. g4 Bb7 25. Kh2 fxg4 26. Rh5 Rg8 27.
Rh6+ Kf7 28. Rxh7+ Rg7 29. Rxg7+ Kxg7 30. Rg1 Nf6 31. Bc3 Bf3 32. Re1 Kf7 33.
Bxf6 Kxf6 34. Kg3 e5 35. Be4 Bxe4 36. Rxe4 Rd2 37. Rxg4 Rxc2 38. Rb4 Kf5 39. a4
Rc4 40. Rxc4 bxc4 41. Kf3 e4+ 42. Ke3 Ke5 43. f4+ exf3 44. Kxf3 Kd4 45. Ke2 c3
46. bxc3+ Kxc3 47. a5 Kb4 48. Kd2 Kxa5 49. Kc2 Kb4 50. Kb2 a5 1/2-1/2

[Event "OLNN 1819 FC St. Pauli II - SK Marmstor"]
[Site "?"]
[Date "2019.03.24"]
[Round "8.5"]
[White "Hohlbein, Michael"]
[Black "Perez De Miguel, Alvaro"]
[Result "0-1"]
[WhiteElo "2114"]
[BlackElo "2275"]
[PlyCount "128"]
[EventDate "2019.??.??"]

1. e4 c6 2. Nc3 d5 3. Nf3 dxe4 4. Nxe4 Nf6 5. Ng3 h5 6. h4 Bg4 7. Bc4 e6 8. d4
Qc7 9. Qd3 Nbd7 10. Bg5 Bd6 11. Ne4 Nxe4 12. Qxe4 Nf6 13. Qe3 Nd5 14. Bxd5 cxd5
15. Qd3 Bf5 16. Qb5+ Qc6 17. Qxc6+ bxc6 18. O-O O-O 19. Be3 f6 20. c3 a5 21. b3
Rab8 22. Nd2 Ba3 23. Nf3 Bb2 24. Rad1 a4 25. Bf4 Rb7 26. Bd6 Ra8 27. Bb4 axb3
28. axb3 Rba7 29. Bc5 Ra2 30. c4 Ba3 31. cxd5 cxd5 32. Ra1 Bxc5 33. Rxa2 Rxa2
34. dxc5 Rc2 35. b4 Rc4 36. c6 Rxb4 37. Rc1 e5 38. c7 Bc8 39. Rc5 Rc4 40. Rxc4
dxc4 41. Kf1 Kf7 42. Ke1 Ke6 43. Nd2 Kd5 44. Nb1 Kc6 45. Na3 c3 46. Kd1 Kxc7
47. Nb5+ Kd7 48. Nxc3 Bb7 49. g3 Ke6 50. Ke2 e4 51. Ke3 Kf5 52. Nb5 Ke5 53. Nc3
g5 54. Ne2 Kf5 55. Nc3 gxh4 56. gxh4 Ba8 57. Ne2 Kg4 58. Ng3 Kxh4 59. Kf4 Bb7
60. Nf1 Kh3 61. Ne3 h4 62. Kf5 Kh2 63. Ng4+ Kg2 64. Nxf6 h3 0-1

[Event "OLNN 1819 FC St. Pauli II - SK Marmstor"]
[Site "?"]
[Date "2019.03.24"]
[Round "8.6"]
[White "Richter, Maik"]
[Black "Diekmann, Jens"]
[Result "1/2-1/2"]
[WhiteElo "2174"]
[BlackElo "2048"]
[PlyCount "106"]
[EventDate "2019.??.??"]

1. e4 c5 2. Nf3 Nc6 3. d4 cxd4 4. Nxd4 g6 5. c4 Bg7 6. Be3 Nf6 7. Nc3 Ng4 8.
Qxg4 Nxd4 9. Qd1 Ne6 10. Rc1 Qa5 11. Be2 b6 12. f3 Bb7 13. O-O g5 14. Rf2 Be5
15. Nd5 Rc8 16. Bf1 h5 17. Bd2 Qc5 18. Bb4 Bxh2+ 19. Kxh2 Qxf2 20. Nxe7 h4 21.
Nxc8 Qg3+ 22. Kg1 Bxc8 23. Qd6 Qxd6 24. Bxd6 Nc5 25. Rd1 Nb7 26. Bb8 a6 27. Rd5
Rg8 28. Kf2 Ke7 29. Be5 Rg6 30. Bd4 Nd8 31. Be3 Ne6 32. Bxb6 g4 33. fxg4 Rxg4
34. e5 Bb7 35. Be2 Rg5 36. Bf3 Bxd5 37. cxd5 Ng7 38. Bc5+ Kd8 39. Bd4 Nf5 40.
Bc3 Ne7 41. Ke3 d6 42. Kf4 Rf5+ 43. Ke4 dxe5 44. Bxe5 f6 45. Bc3 Rxd5 46. Bxf6
Ra5 47. a3 Ke8 48. Bxh4 Ra4+ 49. b4 Rxa3 50. Be1 Kf7 51. Kd4 Ke6 52. Kc5 Kd7
53. Bg3 Rc3+ 1/2-1/2

[Event "OLNN 1819 FC St. Pauli II - SK Marmstor"]
[Site "?"]
[Date "2019.03.24"]
[Round "8.7"]
[White "Peschke, Matthias"]
[Black "Mitscherling, Andreas"]
[Result "0-1"]
[WhiteElo "1999"]
[BlackElo "2170"]
[PlyCount "94"]
[EventDate "2019.??.??"]

1. c4 f5 2. g3 Nf6 3. Bg2 d6 4. Nc3 g6 5. d3 Bg7 6. e3 O-O 7. Nge2 e5 8. O-O
Nc6 9. a3 Ne7 10. Qc2 c6 11. Bd2 Be6 12. f4 Rc8 13. h3 Qc7 14. Qa4 a6 15. Rac1
Nd7 16. b4 e4 17. dxe4 Nb6 18. Qc2 Nxc4 19. Nd4 Bxd4 20. exd4 Nxa3 21. Qd1 Qb6
22. Be3 Nc4 23. Bf2 d5 24. Na4 Qc7 25. e5 b6 26. Nc3 Qd7 27. Nb1 Ra8 28. Nd2 a5
29. bxa5 Rxa5 30. Nf3 h6 31. h4 Kh7 32. h5 Rg8 33. Nh4 g5 34. fxg5 hxg5 35. Nf3
Qe8 36. Qe2 Rb5 37. Rxc4 dxc4 38. Be3 f4 39. gxf4 gxf4 40. Bxf4 Qxh5 41. Kf2
Rxg2+ 42. Kxg2 Bh3+ 43. Kf2 Bxf1 44. Kxf1 Rb1+ 45. Kf2 Qf5 46. Kg3 Ng6 47. Bd2
Rb3 0-1

[Event "OLNN 1819 FC St. Pauli II - SK Marmstor"]
[Site "?"]
[Date "2019.03.24"]
[Round "8.8"]
[White "Schuetze, Michael"]
[Black "Anderberg, Peter"]
[Result "1-0"]
[WhiteElo "2184"]
[BlackElo "2011"]
[PlyCount "115"]
[EventDate "2019.??.??"]

1. Nf3 Nf6 2. g3 d5 3. Bg2 c5 4. O-O Nc6 5. d3 g6 6. Nbd2 Bg7 7. e4 dxe4 8.
dxe4 O-O 9. c3 Qc7 10. Re1 e5 11. Qe2 b6 12. Nf1 Bb7 13. Bg5 h6 14. Bxf6 Bxf6
15. Ne3 Ne7 16. Nd2 Rad8 17. a4 a5 18. Ndc4 Bg7 19. Rad1 Rxd1 20. Rxd1 Rd8 21.
Rxd8+ Qxd8 22. Qd1 Qc7 23. Qd6 Qxd6 24. Nxd6 Ba6 25. Bf1 Nc8 26. Nxc8 Bxc8 27.
Nc4 Bb7 28. Bg2 h5 29. Nxb6 Bh6 30. Nc4 Bc1 31. b3 Ba6 32. Nxe5 Bb2 33. Nd7
Bxc3 34. Nxc5 Bc8 35. Bf1 Bd4 36. Nd3 Bb7 37. Bg2 Ba6 38. Nf4 Be5 39. Bf1 Bb7
40. Bd3 Bc3 41. Kf1 Kg7 42. Ne2 Bb4 43. Nd4 Kf6 44. Ke2 Ke5 45. Nc2 Bc5 46. f4+
Kd6 47. Ne3 Bb4 48. e5+ Ke6 49. Bc4+ Ke7 50. Bd5 Ba6+ 51. Kf3 Bd2 52. Ke4 Bc1
53. Bc6 Be2 54. Bb5 Bxe3 55. Kxe3 Bd1 56. Bc4 f6 57. Kd4 fxe5+ 58. fxe5 1-0

[Event "OLNN 1819 Schachfreunde HH- HSK 3"]
[Site "Hamburg"]
[Date "2019.03.24"]
[Round "8.1"]
[White "Pajeken, Jacob Leon"]
[Black "Sawatzki, Frank"]
[Result "1-0"]
[WhiteElo "2391"]
[BlackElo "2339"]
[PlyCount "77"]
[EventDate "2018.??.??"]
[WhiteTeam "Hamburger SK 3"]
[BlackTeam "Schachfreunde HH"]

1. d4 d5 2. Nf3 Nf6 3. c4 c6 4. Qc2 dxc4 5. e4 b5 6. b3 cxb3 7. axb3 e6 8. Bd2
a5 9. Bd3 Bb7 10. O-O Be7 11. Rc1 h6 12. Nc3 O-O 13. e5 Nd5 14. Nxd5 exd5 15.
e6 fxe6 16. Bh7+ Kh8 17. Ne5 Rf6 18. Ng4 Nd7 19. Re1 Qb6 20. Nxf6 Bxf6 21. Rxe6
Bxd4 22. Bxa5 Qc5 23. Bc3 Rf8 24. Bxd4 Qxd4 25. Rd1 Qb4 26. Bg6 Nf6 27. h3 c5
28. Qe2 c4 29. bxc4 dxc4 30. Rxf6 gxf6 31. Qh5 Qe7 32. Qxh6+ Kg8 33. Rd4 Qg7
34. Qh5 f5 35. Rd6 c3 36. Bh7+ Qxh7 37. Rg6+ Qg7 38. Rxg7+ Kxg7 39. Qg5+ 1-0

[Event "OLNN 1819 Schachfreunde HH- HSK 3"]
[Site "Hamburg"]
[Date "2019.03.24"]
[Round "8.2"]
[White "Bokelbrink, Uwe"]
[Black "Zieher, Hartmut"]
[Result "1-0"]
[WhiteElo "2288"]
[BlackElo "2161"]
[PlyCount "69"]
[EventDate "2018.??.??"]
[WhiteTeam "Schachfreunde HH"]
[BlackTeam "Hamburger SK 3"]

1. e4 e5 2. Nf3 Nc6 3. Bb5 a6 4. Ba4 Nf6 5. d3 b5 6. Bb3 Bc5 7. O-O d6 8. c3
O-O 9. a4 Rb8 10. axb5 axb5 11. Bg5 h6 12. Bh4 g5 13. Bg3 Be6 14. Bc2 Bb6 15.
Nbd2 g4 16. Nh4 Nh5 17. Kh1 Qg5 18. Nb3 Ne7 19. d4 Ng6 20. Nf5 Nhf4 21. f3 h5
22. fxg4 hxg4 23. Qd2 Kh8 24. Nc1 Qh5 25. Ne2 Bc4 26. Bxf4 Bxe2 27. Ng3 Qh7 28.
Nxe2 exf4 29. Nxf4 c5 30. Nd5 Bd8 31. g3 Qh5 32. Rf5 Qh3 33. Qf2 Rb7 34. dxc5
dxc5 35. Qxc5 1-0

[Event "OLNN 1819 Schachfreunde HH- HSK 3"]
[Site "Hamburg"]
[Date "2019.03.24"]
[Round "8.3"]
[White "Bracker, Arne"]
[Black "Neffe, Axel"]
[Result "1-0"]
[WhiteElo "2188"]
[BlackElo "2216"]
[PlyCount "67"]
[EventDate "2018.??.??"]
[WhiteTeam "Hamburger SK 3"]
[BlackTeam "Schachfreunde HH"]

1. e4 e5 2. Nf3 Nc6 3. Bb5 Bc5 4. c3 f5 5. d4 fxe4 6. Bxc6 dxc6 7. Nxe5 Bd6 8.
Qh5+ g6 9. Qe2 Bf5 10. Nd2 Nf6 11. g4 Be6 12. Nxe4 Nxe4 13. Qxe4 O-O 14. O-O
Qh4 15. f3 Bd5 16. Qe1 Qh3 17. Qg3 Qxg3+ 18. hxg3 Bxe5 19. dxe5 Bxf3 20. Bh6
Bxg4 21. Rxf8+ Rxf8 22. Bxf8 Kxf8 23. Kf2 h5 24. Ke3 g5 25. Rf1+ Kg7 26. Rf6
Bc8 27. b4 h4 28. gxh4 gxh4 29. Kf4 h3 30. Kg5 a6 31. a4 Bd7 32. e6 h2 33. Rg6+
Kf8 34. exd7 1-0

[Event "OLNN 1819 Schachfreunde HH -HSK 3 "]
[Site "?"]
[Date "2019.03.24"]
[Round "8.4"]
[White "Hermesmann, Hans"]
[Black "Woelk, Tom-Frederic"]
[Result "0-1"]
[WhiteElo "2248"]
[BlackElo "2202"]
[PlyCount "78"]
[WhiteTeam "Schachfreunde HH"]
[BlackTeam "Hamburger SK 3"]

1. d4 Nf6 2. c4 e6 3. Nc3 Bb4 4. f3 d5 5. a3 Bxc3+ 6. bxc3 O-O 7. e3 c5 8. Bd3
Nc6 9. cxd5 exd5 10. Ne2 Re8 11. O-O c4 12. Bc2 b5 13. Ng3 a5 14. e4 Rb8 15. e5
Nd7 16. f4 b4 17. axb4 axb4 18. Ba4 Qb6 19. Rb1 Qa6 20. Nf5 Nc5 21. Nh6+ gxh6
22. dxc5 Bf5 23. Bc2 Qc8 24. Be3 Bxc2 25. Qxc2 bxc3 26. Rbd1 d4 27. Bxd4 Nxd4
28. Rxd4 Qxc5 29. Qf2 Kh8 30. Rc1 Rb2 31. Qe3 Rg8 32. g3 Rd2 33. Re4 Qxe3+ 34.
Rxe3 c2 35. Ree1 Rgd8 36. Kf1 Rxh2 37. Kg1 Rdd2 38. f5 Rhg2+ 39. Kh1 Rge2 0-1

[Event "OLNN 1819 Schachfreunde HH- HSK 3"]
[Site "Hamburg"]
[Date "2019.03.24"]
[Round "8.5"]
[White "Bente, Björn"]
[Black "Ritscher, Jan-Paul, Dr"]
[Result "1/2-1/2"]
[WhiteElo "2235"]
[BlackElo "2254"]
[PlyCount "118"]
[EventDate "2018.??.??"]
[WhiteTeam "Hamburger SK 3"]
[BlackTeam "Schachfreunde HH"]

1. Nf3 d5 2. c4 e6 3. g3 Nf6 4. d4 Ne4 5. Bg2 c6 6. O-O Bd6 7. Nfd2 Nxd2 8.
Nxd2 O-O 9. e4 Be7 10. b3 b6 11. Bb2 Bb7 12. Qe2 Nd7 13. Rac1 dxe4 14. Nxe4 Nf6
15. Rfd1 Rc8 16. Rc2 Rc7 17. Rcd2 Rd7 18. Rd3 Qa8 19. d5 cxd5 20. Nxf6+ Bxf6
21. Bxf6 gxf6 22. Qg4+ Kh8 23. Qf4 Qd8 24. cxd5 Bxd5 25. Bxd5 Rxd5 26. Rxd5
exd5 27. Rd4 Re8 28. Qh6 Re5 29. Rd3 d4 30. Rf3 Re6 31. Rf5 Rd6 32. Rh5 Qg8 33.
Qf4 Qf8 34. Qe4 Qg8 35. Qe7 Re6 36. Qxa7 Qg6 37. Qa8+ Kg7 38. Rh4 Rd6 39. Qf3
f5 40. Qd3 Qf6 41. Rf4 Rd5 42. g4 h6 43. Rxf5 Rxf5 44. Qxf5 Qd6 45. Qd3 Qc5 46.
Kf1 Kg8 47. h4 b5 48. Qd2 Qd6 49. g5 h5 50. Qd3 Qd5 51. Ke2 b4 52. Kd2 Qa8 53.
Qc2 Qf3 54. Kc1 Qh1+ 55. Kb2 Qxh4 56. Qc8+ Kg7 57. Qf5 d3 58. Qf6+ Kg8 59. Qd8+
Kg7 1/2-1/2

[Event "OLNN 1819 Schachfreunde HH- HSK 3"]
[Site "Hamburg"]
[Date "2019.03.24"]
[Round "8.6"]
[White "Jaeckle, Marco"]
[Black "Hinrichs, Lars"]
[Result "1-0"]
[WhiteElo "2232"]
[BlackElo "2242"]
[PlyCount "63"]
[EventDate "2018.??.??"]
[WhiteTeam "Schachfreunde HH"]
[BlackTeam "Hamburger SK 3"]

1. e4 e6 2. d4 d5 3. e5 c5 4. c3 Nc6 5. g3 Qb6 6. Ne2 Bd7 7. Bh3 h5 8. O-O cxd4
9. cxd4 Be7 10. Nbc3 g5 11. Rb1 a5 12. Be3 Nh6 13. Nxd5 exd5 14. Bxd7+ Kxd7 15.
Nc3 Ng4 16. Nxd5 Qd8 17. Qf3 Ke8 18. Rbc1 Nxe3 19. fxe3 Rh7 20. a3 a4 21. Qf5
Rg7 22. Qe4 Rg6 23. Rf5 Ra5 24. Nc3 Qd7 25. Rcf1 Nd8 26. Rxf7 Qc6 27. d5 Rxd5
28. Rxe7+ Kxe7 29. Nxd5+ Ke8 30. Qf3 Kd7 31. Nf6+ Kc7 32. Qxh5 1-0

[Event "OLNN 1819 Schachfreunde HH- HSK 3"]
[Site "Hamburg"]
[Date "2019.03.24"]
[Round "8.7"]
[White "Bach, Matthias"]
[Black "Klünger, Marc,Dr"]
[Result "1/2-1/2"]
[WhiteElo "2299"]
[BlackElo "2116"]
[PlyCount "54"]
[EventDate "2018.??.??"]
[WhiteTeam "Hamburger SK 3"]
[BlackTeam "Schachfreunde HH"]

1. d4 d5 2. c4 c6 3. Nf3 Nf6 4. Nc3 dxc4 5. e4 b5 6. e5 Nd5 7. Ne4 Bf5 8. Ng3
Bg4 9. Be2 e6 10. O-O Nd7 11. Ng5 Be7 12. Bxg4 Bxg5 13. f4 Be7 14. f5 exf5 15.
Bxf5 g6 16. e6 N7f6 17. Bh3 fxe6 18. Qe2 Nc7 19. Bf4 O-O 20. Bxe6+ Nxe6 21.
Qxe6+ Rf7 22. Qxc6 Qxd4+ 23. Kh1 Qd5 24. Qa6 Qc5 25. Qb7 Qd5 26. Qa6 Qc5 27.
Qb7 Qd5 1/2-1/2